Hviezda závodný časopis zamestnancov Vranovského drevopriemyslu

Bibliographic Details
New Title:Hencovský zpravodaj
Previous Title:Drevokombinát
Corporate Authors: Vranovský drevopriemysel, n.p. (Hencovce, Slovensko) (Publisher), Košické tlačiarne, n.p. (Košice, Slovensko) (tlač.)
Other Authors: Schmidt, J. (Publishing director), Šimonová, Antónia (Publishing director), Rusinko, Michal (Publishing director), Rusinko, Štefan (Publishing director)
Format: Journal
Language:Slovak
PhysicalDescription:2 roč. 21 x 30 cm
Published: Vranov-Hencovce ZO KSS, ZR ROH a Podnikové riaditeľstvo Vranovského drevopriemyslu n. p. v Hencovciach 1953-1954
Subjects:

MARC

LEADER 00000nas a22000001a 4500
001 vtls010301355
003 SK-MaSNL
005 20260228161944.0
008 110810d19531954xo mr p r 0 b0slo
015 |a SNBDS17XX9999 
015 |a 0440  |2 Balúnová 1945-60 
038 |a SNKBUDS 
040 |a SNK  |b slo  |c SNK  |e AACR2 
041 0 |a slo 
044 |a xo  |c SK 
080 |a 674  |2 2001 
245 0 0 |a Hviezda  |b závodný časopis zamestnancov Vranovského drevopriemyslu 
260 |a Vranov-Hencovce  |b ZO KSS, ZR ROH a Podnikové riaditeľstvo Vranovského drevopriemyslu n. p. v Hencovciach  |c 1953-1954 
300 |a 2 roč.  |c 21 x 30 cm 
310 |a 1x mesačne 
362 0 |a Roč. II, č. 1 (28. apr. 1953)-roč. III, č. 6 (jún 1954) 
500 |a Zmena podnázvu: od 1/III (jan. 1954) Závodný časopis zamestnancov Vranovského drevopriemyslu a Priemstavu n. p. závod Hencovce 
500 |a Vych. vo Vranove-Hencovciach (Hencovce) mesačne 
500 |a Zodp. zást. čas. J. Schveidt [J. Schmidt], od 3/II (25. jún 1953) sa neuvádza. Ved. red. Antónia Šimonová s red. kruhom, od 3/II (25. júna 1953) Michal Rusinko, od 4/II (5. júla 1953) Štefan Rusinko 
500 |a Vyd. ZO KSS, ZR ROH a Podnikové riaditeľstvo Vranovského drevopriemyslu n. p. v Hencovciach 
500 |a Tlač. Košické tlačiarne, n. p., záv. Košice 
500 |a Vych. od 28. apr. 1953; Pov. PIO 749/52-IV/2. Posl. známe č. v júni 1954. Od r. 1957 pokračoval ako Hencovský zpravodaj 
505 8 0 |g Roč. II. 1953 8 č. po 4 s. 
505 8 0 |g Roč. III. 1954 6 č. po 8-12 s. 
580 |a Nadviazal na čas. Drevokombinát. Od r. 1957 pokračoval ako Hencovský zpravodaj 
610 2 7 |a Vranovský drevopriemysel, n.p. (Hencovce, Slovensko)  |x časopisy  |2 SNKBUDS  |9 270071 
650 0 7 |a drevársky priemysel  |2 SNKPH  |9 1117 
655 7 |a podnikové časopisy  |2 SNKBUDS  |9 265225 
700 1 |a Schmidt, J.  |4 pbd  |9 270072 
700 1 |a Šimonová, Antónia  |4 pbd  |9 270073 
700 1 |a Rusinko, Michal  |4 pbd  |9 6209 
700 1 |a Rusinko, Štefan  |4 pbd  |9 270074 
710 2 |a Vranovský drevopriemysel, n.p. (Hencovce, Slovensko)  |e vydav.  |9 270075 
710 2 |a Košické tlačiarne, n.p. (Košice, Slovensko)  |e tlač.  |9 269149 
780 0 0 |t Drevokombinát 
785 0 0 |t Hencovský zpravodaj 
852 |a SNK  |b 10000  |h ČSB 824 
852 |a UKB  |b 300000  |h SB 1519 
852 |a SVKKK  |b 900000  |h C 296 
999 |c 6232  |d 8162